Economic Opportunities and Support for Education in the Field of Fulfilling the Requirements of the European Green Deal

Skúmanie ekonomických možností, ktoré podporujú implementáciu European Green Deal, vrátane investícií do obnoviteľnej energie, zlepšovania inovácií v oblasti technológií a zlepšenia energetickej účinnosti. Dôležitosť školenia a dosahu činností, ktoré sú nevyhnutné pre rozvoj potrebných zručností a z...

Full description

Saved in:
Bibliographic Details
Main Author: Barkóciová, Miroslava, 1996-
Other Authors: Ivaničková, Mariana, 1977-
Format: Book Chapter
Language:English
Subjects:
Tags: Add Tag
No Tags, Be the first to tag this record!

MARC

LEADER 00000naa$a2200000$$$4500
001 0305276
005 20241127105248.1
041 0 |a eng 
044 |a SK 
245 1 0 |a Economic Opportunities and Support for Education in the Field of Fulfilling the Requirements of the European Green Deal  |c Miroslava Barkóciová, Mariana Ivaničková 
520 |a Skúmanie ekonomických možností, ktoré podporujú implementáciu European Green Deal, vrátane investícií do obnoviteľnej energie, zlepšovania inovácií v oblasti technológií a zlepšenia energetickej účinnosti. Dôležitosť školenia a dosahu činností, ktoré sú nevyhnutné pre rozvoj potrebných zručností a zvýšenie povedomia o ich udržateľných postupoch. Dôraz sa kladie na potrebu spolupráce medzi akademickou sférou, priemyslom a vládnymi inštitúciami na zabezpečenie efektívnej implementácie školiacich programov. Konštatovanie, že synergické prepojenie medzi ekonomickými príležitosťami a vzdelaním je rozhodujúce pre úspešné naplnenie European Green Deal a prechodu k trvalo udržateľnému rozvoju v Európe. 
610 2 0 |a príležitosť pracovná 
610 2 0 |a ekonomika 
610 2 0 |a Európska únia 
610 2 0 |a podpora vzdelávania 
610 2 0 |a Európska zelená dohoda 
100 1 |a Barkóciová, Miroslava, 1996- 
700 1 |a Ivaničková, Mariana, 1977-